"Big Five" European Soccer Domestic Cup Winners Since 2000 - Statistics

General Stats
  • This quiz has been taken 11,109 times
    3,302 since last reset
  • The average score is 33 of 52
Answer Stats
Answer % Correct
FC Barcelona
98%
Manchester City
98%
Manchester United
98%
Real Madrid
98%
Bayern Munich
97%
Paris Saint-Germain FC
97%
AC Milan
96%
Arsenal
95%
Inter Milan
95%
Liverpool
95%
Chelsea
94%
Juventus FC
94%
Borussia Dortmund
93%
Atletico Madrid
91%
Olympique Lyonnais
87%
SSC Napoli
87%
Bayer 04 Leverkusen
84%
AS Roma
83%
Crystal Palace
83%
Valencia CF
79%
Leicester City
77%
Sevilla FC
77%
Lille OSC
74%
Athletic Club
73%
SS Lazio
73%
RB Leipzig
64%
VfB Stuttgart
64%
Real Betis
60%
VfL Wolfsburg
59%
Schalke 04
58%
Eintracht Frankfurt
57%
Bologna FC
55%
FC Girondins de Bordeaux
54%
Werder Bremen
54%
FC Nantes
52%
Real Sociedad
52%
Fiorentina
51%
Deportivo La Coruña
50%
Wigan Athletic
44%
Stade Rennais FC
43%
Toulouse FC
40%
Parma Calcio
37%
Portsmouth
35%
Espanyol
33%
RC Strasbourg
30%
Real Mallorca
29%
Real Zaragoza
26%
AJ Auxerre
22%
1. FC Nürnberg
21%
EA Guingamp
12%
FC Lorient
12%
FC Sochaux
9%
No matching quizzes found
Score Distribution
Percent of People with Each Score
Percentile by Number Answered
Your Score History
You have not taken this quiz since the last reset